How to lead with qenius : words of wisdow for the common seuse manager

Bibliographic Details
Main Author: Von Wartburg, Walter P
Format: Book
Published: Kuala Lumpur : Golden Books Centre , 1991
Subjects:

MARC

LEADER 00000cam a2200000 7i4500
001 0000004163
002 000004478
005 20080513.0
020 |a 967995997X 
090 0 0 |a 080   |b VON 
100 0 |a Von Wartburg, Walter P 
245 1 0 |a How to lead with qenius :   |b words of wisdow for the common seuse manager   |c Walter P.Von Wartburg 
260 |a Kuala Lumpur :   |b Golden Books Centre ,   |c 1991 
300 |a 124 p. ;   |c 22 cm. 
650 0 0 |a Quotations (Management) 
999 |a 033457   |b BUKU   |c PINJAMAN   |e PERPUSTAKAAN KOMUNITI PETALING JAYA 
999 |a 042703   |b BUKU   |c PINJAMAN   |e PERPUSTAKAAN KOMUNITI PETALING JAYA